000 00624nam a22001937a 4500
003 OSt
005 20260213030018.0
008 260213b |||||||| |||| 00| 0 eng d
020 _a978-971-93681-0-6
040 _aDWCL-Main Lib
_cOC
082 _aProf. 650.1 R175 2006
100 _aRamos, Jeffrey X.
245 _aI know what to do! Pinoy success handbook
260 _aQuezon City :
_bSuccessfulPinoyAko Training Solutions,
_cc2006
300 _a528 p. : ill. ;
_c23 cm.
650 _aSuccess in business - Handbook Essays.
650 _aSuccess in personal life - Handbook - Essays.
942 _2ddc
_cPROF.
_mProf.
_n0
999 _c8397
_d8397